Budovanie druhej generácie ASRP v stavebnom podniku ovplyvňovanie vertikálne

Gespeichert in:
Bibliographische Detailangaben
Format: Buch
Sprache:Slowakisch
Veröffentlicht: Bratislava Dom techniky ČSVTS 1979
Tags: Tag hinzufügen
Keine Tags, Fügen Sie das erste Tag hinzu!

MARC

LEADER 00000nam a2200000 4500
001 0221942
005 20240822101659.8
041 0 |a slo 
044 |a SK 
245 1 0 |a Budovanie druhej generácie ASRP v stavebnom podniku  |b ovplyvňovanie vertikálne 
264 1 |a Bratislava  |b Dom techniky ČSVTS  |c 1979 
300 |a 62 s.